| 000 | 00431nam a22001577a 4500 | ||
|---|---|---|---|
| 005 | 20250604150118.0 | ||
| 008 | 250604b |||||||| |||| 00| 0 eng d | ||
| 020 | _a0-87131-540-8 | ||
| 050 |
_aHF 5386 L64 1986 _b1 |
||
| 100 | _aDR JAMES E. LOEHIR | ||
| 245 | _aMENTALLY TOUGH | ||
| 260 |
_aUNITED STATE OF AMERICA _bEVANS AND COMPANY _c1986 |
||
| 650 | _aPERFORMANCE BASICS | ||
| 700 | _aPETER J. MCLAUGHLIN | ||
| 942 |
_2lcc _cBK |
||
| 999 |
_c215570 _d215570 |
||